Carregant...
Shivmangal Singh 'Suman' ke kavya mein rashtriyata/
| Autor principal: | |
|---|---|
| Format: | Printed Book |
| Publicat: |
New Delhi:
Peethambhar Publishing Company,
1988.
|
| LEADER | 00403nam a22001097a 4500 | ||
|---|---|---|---|
| 100 | |a Balasubramanyam,P.K. | ||
| 245 | |a Shivmangal Singh 'Suman' ke kavya mein rashtriyata/ |c P.K.Subramanyam | ||
| 260 | |a New Delhi: |b Peethambhar Publishing Company, |c 1988. | ||
| 300 | |a 150p. | ||
| 942 | |2 ddc |c BK | ||
| 999 | |c 244816 |d 244816 | ||
| 952 | |0 0 |1 0 |4 0 |7 0 |9 271680 |a HIN |b HIN |c S-22 |d 2012-06-16 |i 14118 |l 0 |p HIN14118 |r 2014-02-07 |w 2014-02-07 |y BK | ||